000 00606nam a2200241 a 4500
999 _c6095
_d6095
001 6095
003 BD-JhCC
005 20180102095900.0
008 180101s1969 bg |||| ||a| 001 0 eng d
035 _a(BD-JhCC)6095
040 _aBD-JhCC
_dBD-JhCC
041 _aeng
082 _a821.6
_bBUR 1969
100 _aBurns, Robert
245 _aPoems And Songs /
_cRobert Burns; ed. by Jems Kinsely
260 _aLondon :
_bOxford University Press,
_c1969.
300 _a286 p. :
_c23 cm.
650 _aPoems
650 _aSong, Scots
700 _aKinsely, Jems
942 _2ddc
_cBK